Ash's Pokemon - Statistics

General Stats
  • This quiz has been taken 143 times
    94 since last reset
  • The average score is 20 of 41
Answer Stats
Hint Answer % Correct
Pikachu
97%
Bulbasaur
84%
Charizard
84%
x30 Tauros
81%
Muk
64%
Snorlax
57%
Bayleef
53%
Kingler
51%
Pignite
51%
Snivy
51%
Totodile
51%
Oshawott
50%
Quilava
50%
Sceptile
50%
Buizel
49%
Infernape
49%
Staraptor
49%
Noctowl
47%
Heracross
45%
Krookodile
45%
Lycanroc
45%
Swellow
45%
Talonflame
45%
Corphish
43%
Gible
42%
Hawlucha
42%
Incineroar
42%
Torkoal
42%
Gliscor
41%
Rowlet
41%
Torterra
41%
Unfezant
41%
Donphan
39%
Leavanny
39%
Melmetal
39%
Noivern
39%
Boldore
38%
Glalie
36%
Scraggy
35%
Palpitoad
32%
Mr. Mime
20%
No matching quizzes found
Score Distribution
Percent of People with Each Score
Percentile by Number Answered
Your Score History
You have not taken this quiz since the last reset